000 00924cab a2200217 4500
001 ABS38771
008 090401t1988 xxu||||| |||| 00| 0 eng d
035 _a(Sirsi) u12325
041 _aeng
100 _aSimmonds, D.
245 _aContractors` programmes: where now after the Glenlion decision
260 _c1988
350 _a0
490 _aConstruction News
_v(6050) 18 February 1988, 35(1)
520 _aDiscusses the use of contractors` programmes under the various standard forms of contract and reviews the decision in Glenlion Construction Ltd v The Guiness Trust , ORC 28 July 1987, see Abstract 38052, whereby JCT 1963 was used and by virtue of a provision of the BQ the contractors were required to provide a programme.
650 _aBUILT ENVIRONMENT-BUILDING CONTRACT FORMS
650 _aEARLY COMPLETION
690 _aBUILT ENVIRONMENT-BUILDING CONTRACT FORMS
942 _n0
948 _c04/03/1997
999 _c7884
_d7884